000 00463nam a2200169Ia 4500
999 _c13021
_d13021
003 OSt
005 20201027093629.0
008 190216s9999||||xx |||||||||||||| ||und||
040 _coclc
082 _a967.610
_bKYE/S
100 _aKyemba, Henry
_96097
245 0 _aState Of Blood /
_cHenry Kyemba
260 _bCorgi Books,
_c1977.
_aLondon:
300 _a289p
650 _aSpeeches
942 _cBK
_2ddc
_h967.610
_iKYE/S
_k967.610
_mKYE/S